Politics in States and communities /

Bibliographic Details
Main Author: Dye, Thomas R.
Format: Book
Language:English
Published: Englewood Cliffs, N.J. : Prentice-Hall, [1973]
Edition:2d ed.
Subjects:

MARC

Tag First Indicator Second Indicator Subfields
LEADER 00000cam a2200000 4500
001 in00000016640
005 20151007052825.0
008 721114s1973 njua b 00110 eng
010 |a  72011912  
020 |a 0136861547 
020 |a 9780136861546 
035 |a (OCoLC)00516251 
035 |9 AAA9333AM 
040 |a DLC  |c DLC  |d m.c.  |d TXA  |d UtOrBLW 
043 |a n-us--- 
049 |a TXAM  |c [A11485456] 
050 0 0 |a JK2408  |b .D82 1973 
082 0 |a 320.4/73 
100 1 |a Dye, Thomas R. 
245 1 0 |a Politics in States and communities /  |c [by] Thomas R. Dye. 
250 |a 2d ed. 
264 1 |a Englewood Cliffs, N.J. :  |b Prentice-Hall,  |c [1973] 
264 4 |c [©1973] 
300 |a xii, 548 pages :  |b illustrations ;  |c 24 cm. 
336 |a text  |b txt  |2 rdacontent 
337 |a unmediated  |b n  |2 rdamedia 
338 |a volume  |b nc  |2 rdacarrier 
504 |a Includes bibliographical references. 
500 |a Includes index. 
650 0 |a State governments. 
650 0 |a Local government  |z United States. 
999 |a MARS 
999 f f |s b6fd6d23-b71e-3fb2-a1ea-b9aeef28338e  |i 570a578e-299a-38e7-8e6a-075210acdc0e  |t 0 
952 f f |p ric  |a Texas A&M University  |b Rellis Campus  |c Joint Library Facility  |d Remote Storage  |t 0  |e JK2408 .D82 1973  |h Library of Congress classification  |i unmediated -- volume  |m A14811485456 
998 f f |a JK2408 .D82 1973  |t 0  |l Remote Storage